African Coast - Statistics

General Stats
  • This quiz has been taken 14 times
  • The average score is 31 of 35
Answer Stats
Answer % Correct
Angola
100%
Democratic Republic of the Congo
100%
Namibia
100%
South Africa
100%
Algeria
92%
Djibouti
92%
Egypt
92%
Eritrea
92%
Guinea
92%
Guinea-Bissau
92%
Kenya
92%
Liberia
92%
Libya
92%
Mauritania
92%
Morocco
92%
Mozambique
92%
Senegal
92%
Sierra Leone
92%
Somalia
92%
South Africa
92%
Sudan
92%
Tanzania
92%
Tunisia
92%
Benin
83%
Gabon
83%
Gambia
83%
Ivory Coast
83%
Nigeria
83%
Republic of Congo
83%
Senegal
83%
Angola
75%
Cameroon
75%
Equatorial Guinea
75%
Ghana
75%
Togo
75%
No matching quizzes found
Score Distribution
Percent of People with Each Score
Percentile by Number Answered
Your Score History
You have not taken this quiz